| 000 | 00397nam a22001337a 4500 | ||
|---|---|---|---|
| 082 | _a355.6 ADM | ||
| 100 |
_aARMY SCHOOLS OF LOGISTICS ASL _961016 |
||
| 245 | _aADM HANDBOOK, VOL-1, ADM PRECIS. VOL-1 | ||
| 250 | _a2003 | ||
| 260 |
_aKULDANA _bARMY SCHOOLS OF LOGISTICS _c2003 |
||
| 300 | _aVOL-1 | ||
| 650 |
_aARMY SCHOOL OF LOGISTICS.ASL.KULDANA. ADM HANDBOOK.ADM PRECIS _911310 |
||
| 942 | _cBK | ||
| 999 |
_c570590 _d570590 |
||